| 000 | 01023cam a2200229 4500 | ||
|---|---|---|---|
| 001 | ABS64118 | ||
| 008 | 000000n2001 000 0 eng u | ||
| 035 | _a(Sirsi) u113259 | ||
| 100 | _aDanaher, T. | ||
| 245 | _aProperty prescription for the NHS | ||
| 260 | _c2001 | ||
| 490 |
_aProperty Week _v66(23) 8 June 2001, 10-11(2) |
||
| 520 | _aExamines NHS Estates' proposal to package a £400m portfolio of surplus property in a public-private partnership warning that the successful bidder will have to take on many smaller properties with less potential in addition to the prime development sites. Many of the structures in the portfolio are listed and few sites have planning permission rendering them of little interest to commercial developers. | ||
| 590 | _aABS | ||
| 650 | _aNHS ESTATES | ||
| 650 | _aNHS PROPERTY | ||
| 650 | _aPORTFOLIO SALES | ||
| 650 | _aPROPERTY DEVELOPMENT | ||
| 650 | _aPUBLIC PRIVATE PARTNERSHIPS | ||
| 690 | _aPROPERTY-COMMERCIAL PROPERTY-COMMERCIAL PROPERTY MARKET | ||
| 942 | _n0 | ||
| 999 |
_c67460 _d67460 |
||